Schnelle Mathematik - Addition Level 05 - Statistiken

Allgemein
  • Dieses Quiz wurde 218 mal gespielt
    41 seit der letzten Aktualisierung
  • Das Durchschnittsergebnis liegt bei 19 aus 20
Antwortstatistiken
Frage Antwort % Korrekt
0+0 0
100%
0+1 1
100%
0+10 10
100%
1+9 10
100%
2+8 10
100%
3+7 10
100%
4+6 10
100%
5+5 10
100%
7+3 10
100%
8+2 10
100%
9+1 10
100%
10+0 10
100%
61+39 100
100%
67+35 102
100%
34+72 106
100%
10+97 107
100%
10+99 109
100%
0+11 11
100%
1+10 11
100%
2+9 11
100%
4+7 11
100%
5+6 11
100%
6+5 11
100%
7+4 11
100%
9+2 11
100%
52+59 111
100%
89+22 111
100%
66+46 112
100%
94+20 114
100%
49+65 114
100%
32+83 115
100%
89+28 117
100%
0+12 12
100%
2+10 12
100%
3+9 12
100%
4+8 12
100%
5+7 12
100%
6+6 12
100%
7+5 12
100%
8+4 12
100%
9+3 12
100%
10+2 12
100%
11+1 12
100%
2+10 12
100%
46+74 120
100%
81+40 121
100%
55+66 121
100%
62+60 122
100%
25+98 123
100%
1+12 13
100%
2+11 13
100%
3+10 13
100%
4+9 13
100%
5+8 13
100%
6+7 13
100%
7+6 13
100%
8+5 13
100%
10+3 13
100%
11+2 13
100%
92+38 130
100%
94+41 135
100%
66+69 135
100%
66+73 139
100%
2+12 14
100%
4+10 14
100%
5+9 14
100%
6+8 14
100%
7+7 14
100%
8+6 14
100%
9+5 14
100%
10+4 14
100%
11+3 14
100%
12+2 14
100%
4+10 14
100%
45+95 140
100%
87+54 141
100%
91+51 142
100%
83+62 145
100%
95+50 145
100%
76+70 146
100%
60+87 147
100%
86+61 147
100%
54+94 148
100%
3+12 15
100%
4+11 15
100%
8+7 15
100%
9+6 15
100%
11+4 15
100%
12+3 15
100%
5+10 15
100%
99+51 150
100%
89+66 155
100%
4+12 16
100%
5+11 16
100%
6+10 16
100%
7+9 16
100%
8+8 16
100%
9+7 16
100%
10+6 16
100%
11+5 16
100%
12+4 16
100%
95+67 162
100%
71+92 163
100%
75+91 166
100%
95+73 168
100%
5+12 17
100%
6+11 17
100%
7+10 17
100%
8+9 17
100%
9+8 17
100%
10+7 17
100%
11+6 17
100%
12+5 17
100%
93+79 172
100%
90+85 175
100%
88+90 178
100%
6+12 18
100%
7+11 18
100%
8+10 18
100%
9+9 18
100%
10+8 18
100%
11+7 18
100%
12+6 18
100%
93+95 188
100%
7+12 19
100%
8+11 19
100%
9+10 19
100%
10+9 19
100%
12+7 19
100%
0+2 2
100%
1+1 2
100%
2+0 2
100%
8+12 20
100%
9+11 20
100%
10+10 20
100%
11+9 20
100%
10+10 20
100%
9+12 21
100%
10+11 21
100%
11+10 21
100%
12+9 21
100%
10+12 22
100%
12+10 22
100%
12+11 23
100%
12+12 24
100%
10+18 28
100%
0+3 3
100%
1+2 3
100%
2+1 3
100%
3+0 3
100%
21+10 31
100%
10+21 31
100%
26+7 33
100%
19+14 33
100%
20+16 36
100%
26+10 36
100%
16+22 38
100%
0+4 4
100%
1+3 4
100%
2+2 4
100%
3+1 4
100%
4+0 4
100%
42+1 43
100%
23+20 43
100%
33+10 43
100%
18+27 45
100%
10+36 46
100%
14+35 49
100%
0+5 5
100%
1+4 5
100%
2+3 5
100%
3+2 5
100%
4+1 5
100%
5+0 5
100%
30+20 50
100%
10+40 50
100%
40+12 52
100%
10+43 53
100%
32+22 54
100%
9+47 56
100%
31+26 57
100%
13+44 57
100%
47+10 57
100%
0+6 6
100%
1+5 6
100%
3+3 6
100%
4+2 6
100%
5+1 6
100%
6+0 6
100%
50+10 60
100%
48+14 62
100%
28+35 63
100%
43+23 66
100%
7+60 67
100%
28+41 69
100%
59+10 69
100%
0+7 7
100%
1+6 7
100%
2+5 7
100%
3+4 7
100%
4+3 7
100%
6+1 7
100%
7+0 7
100%
4+66 70
100%
10+64 74
100%
31+44 75
100%
10+65 75
100%
21+55 76
100%
74+3 77
100%
50+28 78
100%
68+10 78
100%
0+8 8
100%
2+6 8
100%
3+5 8
100%
4+4 8
100%
5+3 8
100%
6+2 8
100%
7+1 8
100%
8+0 8
100%
10+71 81
100%
29+53 82
100%
27+56 83
100%
7+78 85
100%
8+79 87
100%
0+9 9
100%
1+8 9
100%
2+7 9
100%
6+3 9
100%
8+1 9
100%
9+0 9
100%
91+3 94
100%
37+59 96
100%
78+18 96
100%
22+76 98
100%
41+58 99
100%
97+2 99
100%
7+2 9
88%
63+58 121
83%
5+10 15
83%
11+8 19
83%
58+52 110
80%
97+33 130
80%
6+9 15
80%
86+78 164
80%
84+98 182
80%
10+72 82
80%
3+6 9
80%
3+8 11
75%
81+37 118
75%
30+89 119
75%
9+4 13
75%
12+1 13
75%
82+74 156
75%
1+7 8
75%
4+5 9
75%
45+52 97
75%
69+79 148
67%
73+76 149
67%
12+8 20
67%
10+83 93
67%
1+0 1
60%
8+3 11
50%
38+73 111
50%
83+61 144
50%
54+97 151
50%
32+45 77
50%
87+31 118
33%
6+4 10
0%
35+69 104
0%
18+86 104
0%
10+1 11
0%
11+0 11
0%
1+11 12
0%
12+0 12
0%
24+99 123
0%
87+47 134
0%
3+11 14
0%
7+8 15
0%
10+5 15
0%
79+80 159
0%
11+11 22
0%
11+12 23
0%
6+25 31
0%
2+4 6
0%
5+2 7
0%
50+24 74
0%
72+17 89
0%
45+44 89
0%
5+4 9
0%
13+77 90
0%
Keine übereinstimmenden Quizze gefunden
Verteilung der Resultate
Anzahl Personen mit jedem Resultat
Perzentil nach korrekt beantworteten Fragen
Ihre Resultats-Entwicklung
Sie haben dieses Quiz seit der letzten Aktualisierung nicht gespielt